[Event "AUT-chT2O 1819"]
[Site "Austria"]
[Date "2019.01.13"]
[Round "7.4"]
[White "Lampl, Gerald"]
[Black "Hupfer, Georg"]
[Result "1-0"]
[WhiteElo "2106"]
[BlackElo "1774"]
[PlyCount "115"]
[EventDate "2018.10.06"]
[EventType "team-tourn"]
[EventRounds "11"]
[EventCountry "AUT"]
[SourceTitle "CBM 189 Extra"]
[Source "ChessBase"]
[SourceDate "2019.06.03"]
[SourceVersion "1"]
[SourceVersionDate "2019.06.03"]
[SourceQuality "1"]
[WhiteTeam "Bad Voeslau"]
[BlackTeam "Oberwart DeLaVie"]
[WhiteTeamCountry "AUT"]
[BlackTeamCountry "AUT"]

1. d4 f5 2. g3 Nf6 3. Bg2 g6 4. Nh3 Bg7 5. Nf4 0-0 6. 0-0 c6 7. Nd2 d6 8. Nc4 Na6 9. h4 Qc7 10. d5 Nc5 11. Ne3 e5 12. dxe6 Nxe6 13. Nc4 d5 14. Nxe6 Bxe6 15. Bf4 Qd7 16. Ne5 Qc8 17. Nd3 Re8 18. Be5 Bf7 19. Bd4 Ne4 20. Bxg7 Kxg7 21. Nf4 Qc7 22. Qd4+ Qe5 23. c3 h6 24. Nd3 Qxd4 25. cxd4 g5 26. Rfc1 Bh5 27. e3 Kf6 28. Rc2 Re7 29. Ne5 Bg6 30. Bxe4 dxe4 31. hxg5+ hxg5 32. g4 Rh8 33. Rac1 Rh4 34. Kf1 fxg4 35. Ke2 Bf5 36. Rg1 Reh7 37. Rcc1 Be6 38. b3 Rh8 39. Rg3 Rh1 40. Rcg1 Rxg1 41. Rxg1 Rh4 42. Kf1 a5 43. Kg2 Kf5 44. Rc1 a4 45. bxa4 Bxa2 46. Rc5 Bd5 47. Ra5 Rh8 48. Ra7 c5 49. Ra5 b6 50. Rb5 Rd8 51. Kg3 cxd4 52. exd4 Rd6 53. Nc4 Rd8 54. Nxb6 Ke6 55. Nxd5 Rxd5 56. Rxd5 Kxd5 57. Kxg4 Kxd4 58. Kxg5 1-0